S04-2 駅名クイズ - JR西日本(近畿) ver. - Statistics

General Stats
  • This quiz has been taken 250 times
    83 since last reset
  • The average score is 262 of 567
Answer Stats
Number Answer % Correct
A47 | F01 | G47 | O11 大阪
97%
| A85 姫路
95%
A31 | B31 | D01 | E01 京都
95%
| A46 | F02 新大阪
92%
新神戸
92%
| A74 西明石
92%
A12 米原
90%
A63 神戸
90%
O01 | Q20 | R20 天王寺
90%
相生
89%
A49 | G49 | H49 尼崎
89%
P17 桜島
89%
A29 大津
84%
A30 | B30 山科
84%
| D21 | Q36 奈良
84%
H41 | O08 京橋
84%
S47 関西空港
84%
| R54 和歌山
84%
A61 三ノ宮
82%
O18 | Q18 今宮
82%
O19 | Q19 新今宮
82%
A38 高槻
81%
A64 兵庫
81%
| A79 加古川
81%
O14 | P14 西九条
81%
A73 明石
79%
| A24 草津
77%
A44 吹田
77%
和田岬
77%
O12 福島
77%
P16 ユニバーサルシティ
77%
A41 茨木
76%
O04 鶴橋
76%
| E16 園部
74%
| Q31 王寺
74%
D19 | H18 | Q38 木津
73%
O07 大阪城公園
73%
O15 弁天町
73%
73%
A32 西大路
71%
A33 桂川
71%
A36 山崎
71%
A45 東淀川
71%
A48 | G48 塚本
71%
O10 天満
71%
O13 野田
71%
A13 彦根
69%
A28 膳所
69%
A34 向日町
69%
A52 西宮
69%
福知山
69%
G56 宝塚
69%
S46 りんくうタウン
69%
Q17 JR難波
69%
A09 長浜
68%
A54 芦屋
68%
E02 梅小路京都西
68%
E04 二条
68%
E11 亀岡
68%
O17 芦原橋
68%
R45 | S45 日根野
68%
| R33
68%
A03 | B10 近江塩津
66%
A14 南彦根
66%
A19 近江八幡
66%
A35 長岡京
66%
A37 島本
66%
E08 嵯峨嵐山
66%
O06 森ノ宮
66%
O09 桜ノ宮
66%
O16 大正
66%
H44 北新地
66%
A25 南草津
65%
A27 石山
65%
A39 摂津富田
65%
A62 元町
65%
B29 大津京
65%
G62 新三田
65%
F15 | Q24 久宝寺
65%
和歌山市
65%
A51 甲子園口
63%
A53 さくら夙川
63%
A60
63%
P15 安治川口
63%
G52 伊丹
63%
R51 紀伊
63%
A40 JR総持寺
63%
A21 野洲
61%
A22 守山
61%
A68 須磨
61%
O03 桃谷
61%
O05 玉造
61%
G50 塚口
61%
G61 三田
61%
| Q39 加茂
61%
F08 | H39 放出
61%
東羽衣
61%
A06 高月
60%
A17 能登川
60%
A42 千里丘
60%
A43 岸辺
60%
A57 住吉
60%
A65 新長田
60%
A67 須磨海浜公園
60%
A84 東姫路
60%
網干
60%
B14 近江今津
60%
E09 保津峡
60%
O02 寺田町
60%
G69 篠山口
60%
東舞鶴
60%
播州赤穂
60%
B12 マキノ
58%
B26 おごと温泉
58%
綾部
58%
D20 | Q37 平城山
58%
Q32 法隆寺
58%
H23 同志社前
58%
御坊
58%
A56 摂津本山
56%
A58 六甲道
56%
A82 ひめじ別所
56%
E03 丹波口
56%
E07 太秦
56%
和田山
56%
豊岡
56%
R28 堺市
56%
A18 安土
55%
A50 立花
55%
英賀保
55%
上郡
55%
B24 小野
55%
B25 堅田
55%
B27 比叡山坂本
55%
E05 円町
55%
柘植
55%
甲南
55%
H26 松井山手
55%
H45 新福島
55%
白浜
55%
高田
55%
西舞鶴
55%
A71 舞子
53%
A75 大久保
53%
B19 近江舞子
53%
城崎温泉
53%
D02 東福寺
53%
D03 稲荷
53%
G58 西宮名塩
53%
Q23 加美
53%
F07 | H40 鴫野
53%
R29 三国ケ丘
53%
R37 和泉府中
53%
R40 東岸和田
53%
R44 熊取
53%
新宮
53%
桜井
53%
F04 JR淡路
53%
A23 栗東
52%
A26 瀬田
52%
A70 垂水
52%
A78 東加古川
52%
はりま勝原
52%
E06 花園
52%
G54 川西池田
52%
| Q27 柏原
52%
Q34 郡山
52%
H34 四条畷
52%
H42 大阪城北詰
52%
F03 南吹田
52%
五条
52%
A08 虎姫
50%
A55 甲南山手
50%
E10 馬堀
50%
貴生川
50%
D05 桃山
50%
D09 宇治
50%
H46 海老江
50%
R24 長居
50%
R26 杉本町
50%
手柄山平和公園
50%
A11 坂田
48%
A72 朝霧
48%
D12 城陽
48%
G53 北伊丹
48%
G55 中山寺
48%
Q25 八尾
48%
Q21 東部市場前
48%
H48 加島
48%
F14 新加美
48%
R48 和泉砂川
48%
海南
48%
紀和
48%
天理
48%
A04 余呉
47%
A59 摩耶
47%
A80 宝殿
47%
B23 和邇
47%
D06 六地蔵
47%
Q33 大和小泉
47%
Q28 高井田
47%
H24 京田辺
47%
H27 長尾
47%
H43 大阪天満宮
47%
亀山
47%
A10 田村
45%
A66 鷹取
45%
B16 安曇川
45%
B17 近江高島
45%
G51 猪名寺
45%
H47 御幣島
45%
F13 衣摺加美北
45%
R21 美章園
45%
R49 和泉鳥取
45%
紀伊勝浦
45%
串本
45%
紀伊田辺
45%
西脇市
45%
西相生
45%
F06 JR野江
45%
A05 木ノ本
44%
A20 篠原
44%
G59 武田尾
44%
谷川
44%
Q30 三郷
44%
Q22 平野
44%
H32 寝屋川公園
44%
F05 城北公園通
44%
R23 鶴ケ丘
44%
R25 我孫子町
44%
R41 東貝塚
44%
湯浅
44%
京終
44%
伊賀上野
44%
D04 JR藤森
44%
D10 JR小倉
44%
F10 JR河内永和
44%
H30 河内磐船
42%
H36 住道
42%
F09 高井田中央
42%
R50 山中渓
42%
橋本
42%
福崎
42%
A69 塩屋
40%
A76 魚住
40%
竜野
40%
有年
40%
B11 永原
40%
B21 志賀
40%
浜坂
40%
甲賀
40%
H20 祝園
40%
R22 南田辺
40%
R53 紀伊中ノ島
40%
寺前
40%
F11 JR俊徳道
40%
A07 河毛
39%
E13 千代川
39%
D08 黄檗
39%
H19 西木津
39%
H37 鴻池新田
39%
H38 徳庵
39%
R30 百舌鳥
39%
R52 六十谷
39%
吉野口
39%
H22 JR三山木
39%
A16 稲枝
37%
A81 曽根
37%
A83 御着
37%
B13 近江中庄
37%
E14 八木
37%
日吉
37%
油日
37%
D07 木幡
37%
D11 新田
37%
D15 山城多賀
37%
Q29 河内堅上
37%
H21 下狛
37%
R27 浅香
37%
R35 北信太
37%
R36 信太山
37%
広川ビーチ
37%
御所
37%
岩出
37%
厄神
37%
竹田
37%
月ケ瀬口
37%
JR五位堂
37%
A15 河瀬
35%
A77 土山
35%
B15 新旭
35%
B28 唐崎
35%
鍼灸大学前
35%
胡麻
35%
石原
35%
下夜久野
35%
上夜久野
35%
D14 山城青谷
35%
D18 上狛
35%
Q26 志紀
35%
H31 星田
35%
紀三井寺
35%
粉河
35%
粟生
35%
日本へそ公園
35%
播磨新宮
35%
佐用
35%
坂越
35%
F12 JR長瀬
35%
玄武洞
34%
香住
34%
G60 道場
34%
H29 津田
34%
周参見
34%
藤並
34%
香芝
34%
京口
34%
加太
34%
笠置
34%
高津
32%
餘部
32%
D13 長池
32%
D16 玉水
32%
G57 生瀬
32%
H33 忍ケ丘
32%
R31 上野芝
32%
R42 和泉橋本
32%
太地
32%
箕島
32%
畝傍
32%
B20 比良
31%
E12 並河
31%
手原
31%
H35 野崎
31%
R43 東佐野
31%
R46 長滝
31%
R47 新家
31%
南部
31%
印南
31%
三輪
31%
高野口
31%
B18 北小松
29%
E15 吉富
29%
養父
29%
G64 相野
29%
丹波大山
29%
丹波竹田
29%
H25 大住
29%
H28 藤阪
29%
R32 津久野
29%
R34 富木
29%
朝来
29%
紀伊由良
29%
本竜野
29%
上月
29%
八鹿
27%
江原
27%
三雲
27%
甲西
27%
R39 下松
27%
冷水浦
27%
櫟本
27%
大和新庄
27%
田井ノ瀬
27%
島ケ原
27%
和知
26%
石部
26%
D17 棚倉
26%
黒井
26%
R38 久米田
26%
紀伊有田
26%
帯解
26%
香久山
26%
金橋
26%
北宇智
26%
26%
新西脇
26%
生野
26%
備前福河
26%
佐那具
26%
B22 蓬萊
24%
安栖里
24%
24%
G65 藍本
24%
那智
24%
黒江
24%
巻向
24%
畠田
24%
志都美
24%
笠田
24%
黒田庄
24%
余部
24%
真倉
24%
新堂
24%
下山
23%
宮前
23%
長柄
23%
大和二見
23%
西笠田
23%
打田
23%
社町
23%
滝野
23%
大河原
23%
船岡
21%
国府
21%
寺庄
21%
G63 広野
21%
G68 南矢代
21%
石生
21%
市島
21%
古座
21%
掖上
21%
中飯降
21%
布施屋
21%
日岡
21%
神野
21%
小野町
21%
比延
21%
本黒田
21%
三日月
21%
梅迫
21%
野里
21%
仁豊野
21%
新井
21%
天和
21%
立木
19%
上川口
19%
G67 古市
19%
椿
19%
初島
19%
柳本
19%
下兵庫
19%
市場
19%
久下村
19%
砥堀
19%
長谷
19%
山家
18%
G66 草野
18%
紀伊日置
18%
千旦
18%
青野ケ原
18%
播磨高岡
18%
香呂
18%
新野
18%
竹野
16%
下滝
16%
紀伊富田
16%
紀伊新庄
16%
下津
16%
加茂郷
16%
松尾寺
16%
玉手
16%
隅田
16%
紀伊山田
16%
妙寺
16%
大谷
16%
名手
16%
紀伊長田
16%
下井阪
16%
紀伊小倉
16%
播磨徳久
16%
溝口
16%
梁瀬
15%
佐津
15%
久谷
15%
紀伊姫
15%
道成寺
15%
紀伊内原
15%
紀伊宮原
15%
船戸
15%
河合西
15%
東觜崎
15%
淵垣
15%
甘地
15%
鶴居
15%
青倉
15%
柴山
13%
居組
13%
三輪崎
13%
紀伊佐野
13%
和深
13%
芳養
13%
船町口
13%
太市
13%
田子
11%
和佐
11%
諸寄
10%
紀伊天満
10%
紀伊浦神
10%
江住
10%
岩代
10%
切目
10%
稲原
10%
千本
10%
湯川
8%
田並
8%
西栗栖
8%
紀伊田原
6%
宇久井
5%
下里
5%
見老津
5%
No matching quizzes found
Score Distribution
Percent of People with Each Score
Percentile by Number Answered
Your Score History
You have not taken this quiz since the last reset